|
|
|
|
| LEADER |
02141nam a22003613i 4500 |
| 001 |
EBC6956336 |
| 003 |
MiAaPQ |
| 005 |
20231204023223.0 |
| 006 |
m o d | |
| 007 |
cr cnu|||||||| |
| 008 |
231204s2021 xx o ||||0 ger d |
| 020 |
|
|
|a 9783839457504
|q (electronic bk.)
|
| 020 |
|
|
|z 9783837657500
|
| 035 |
|
|
|a (MiAaPQ)EBC6956336
|
| 035 |
|
|
|a (Au-PeEL)EBL6956336
|
| 035 |
|
|
|a (OCoLC)1280944141
|
| 040 |
|
|
|a MiAaPQ
|b eng
|e rda
|e pn
|c MiAaPQ
|d MiAaPQ
|
| 100 |
1 |
|
|a Beaugrand, Andreas.
|
| 245 |
1 |
0 |
|a 50 Jahre Zukunft - FH Bielefeld 1971-2021 :
|b 50 Years of Future - Bielefeld UAS 1971-2021.
|
| 250 |
|
|
|a 1st ed.
|
| 264 |
|
1 |
|a Bielefeld :
|b transcript,
|c 2021.
|
| 264 |
|
4 |
|c ©2021.
|
| 300 |
|
|
|a 1 online resource (760 pages)
|
| 336 |
|
|
|a text
|b txt
|2 rdacontent
|
| 337 |
|
|
|a computer
|b c
|2 rdamedia
|
| 338 |
|
|
|a online resource
|b cr
|2 rdacarrier
|
| 505 |
0 |
|
|a Cover -- Inhalt / Content -- Präludium / Prelude -- Grußworte / Greetings -- Zur Geschichte der FH Bielefeld 1971-2021 / About the History of the Bielefeld UAS1971-2021 -- Die Fachbereiche der FH Bielefeld / The Faculties of the Bielefeld UAS -- Fachbereich Gestaltung / Faculty of Design -- Fachbereich Campus Minden / Faculty Campus Minden -- Fachbereich Ingenieurwissenschaften und Mathematik / Faculty of Engineering and Mathematics -- Fachbereich Sozialwesen / Faculty of Social Sciences -- Fachbereich Wirtschaft / Faculty of Business -- Fachbereich Gesundheit / Faculty of Health -- Internes Internal -- Diludium / Diludium -- Postludium / Postlude -- Anhang / Appendix.
|
| 588 |
|
|
|a Description based on publisher supplied metadata and other sources.
|
| 590 |
|
|
|a Electronic reproduction. Ann Arbor, Michigan : ProQuest Ebook Central, 2023. Available via World Wide Web. Access may be limited to ProQuest Ebook Central affiliated libraries.
|
| 655 |
|
4 |
|a Electronic books.
|
| 776 |
0 |
8 |
|i Print version:
|a Beaugrand, Andreas
|t 50 Jahre Zukunft - FH Bielefeld 1971-2021
|d Bielefeld : transcript,c2021
|z 9783837657500
|
| 797 |
2 |
|
|a ProQuest (Firm)
|
| 856 |
4 |
0 |
|u https://ebookcentral.proquest.com/lib/matrademy/detail.action?docID=6956336
|z Click to View
|